The flute: (Record no. 69425)

MARC details
000 -LEADER
fixed length control field 01594nam a22002417a 4500
005 - DATE AND TIME OF LATEST TRANSACTION
control field 2012082803073.0
010 ## - LCCN (DPL NO)
LC control number B-462329-333
020 ## - INTERNATIONAL STANDARD BOOK NUMBER
International Standard Book Number 9788175411449
Terms of availability 850.00
035 ## - SYSTEM CONTROL NUMBER
System control number B-462329-333
037 ## - SOURCE OF ACQUISITION
Stock number dpl
Source of stock number/acquisition K.K. Pub/Ven
082 ## - DEWEY DECIMAL CLASSIFICATION NUMBER
Classification number 863.1
245 ## - TITLE STATEMENT
Title The flute:
Remainder of title selected poems of Rabindranath Tagore/
Statement of responsibility, etc translated by Jadu Saha
260 ## - PUBLICATION, DISTRIBUTION, ETC. (IMPRINT)
Place of publication, distribution, etc Delhi
Name of publisher, distributor, etc Shipra Publishers
Date of publication, distribution, etc 2003
270 ## - ADDRESS
Address 115-A Vikas Marg Shakarpur
City Delhi
Postal code 110092
300 ## - PHYSICAL DESCRIPTION
Extent 276p.
Dimensions 23 cm.(Hb)
942 ## - ADDED ENTRY ELEMENTS (KOHA)
Source of classification or shelving scheme Dewey Decimal Classification
Item type English Books
Classification part 863.1
Call number suffix TAG
Holdings
Withdrawn status Lost status Not for loan Collection code Home library Current library Date acquired Source of acquisition Cost, normal purchase price Full call number Barcode Copy number Cost, replacement price Koha item type
      Non-fiction Central Library Central Library 29/08/2012 K.K.Pub/1531/26.12.2011/SP83/12.12.2011/15.2.2012 850.00 863.1 TAG B-462329 1 850.00 English Books
      Non-fiction Karol Bagh Karol Bagh 29/08/2012 K.K.Pub/1531/26.12.2011/SP83/12.12.2011/15.2.2012 850.00 863.1 TAG B-462332 1 850.00 English Books
      Non-fiction Patel Nagar Patel Nagar 29/08/2012 K.K.Pub/1531/26.12.2011/SP83/12.12.2011/15.2.2012 850.00 863.1 TAG B-462330 1 850.00 English Books
      Non-fiction Sarojini Nagar Sarojini Nagar 29/08/2012 K.K.Pub/1531/26.12.2011/SP83/12.12.2011/15.2.2012 850.00 863.1 TAG B-462331 1 850.00 English Books
      Non-fiction Shahdara Branch Shahdara Branch 29/08/2012 K.K.Pub/1531/26.12.2011/SP83/12.12.2011/15.2.2012 850.00 863.1 TAG B-462333 1 850.00 English Books

© Delhi Public Library
Hit Counter
free hit counter